Japan's invisible race ; caste in culture and personality /

Bibliographic Details
Main Author: De Vos, George A.
Other Authors: Wagatsuma, Hiroshi, 1927-1985
Format: Book
Language:English
Published: Berkeley : University of California Press, 1966.
Subjects:

MARC

Tag First Indicator Second Indicator Subfields
LEADER 00000cam a22000001 4500
001 in00000038188
005 20151007080901.0
008 711013s1966 cauab b 00010 eng
010 |a  66016422  
035 |a (OCoLC)00711973 
035 |9 AAF5537AM 
040 |a DLC  |c DLC  |d TXA  |d UtOrBLW 
049 |a TXAM  |c [461332] 
050 0 0 |a HT725.J3  |b D4 
092 |a 301.447  |b D512j 
100 1 |a De Vos, George A. 
245 1 0 |a Japan's invisible race ;  |b caste in culture and personality /  |c [by] George De Vos and Hiroshi Wagatsuma. [Contributors: Gerald Berman, and others]. 
264 1 |a Berkeley :  |b University of California Press,  |c 1966. 
300 |a xxiii, 415 pages :  |b illustrations, maps (on lining papers) ;  |c 25 cm. 
336 |a text  |b txt  |2 rdacontent 
337 |a unmediated  |b n  |2 rdamedia 
338 |a volume  |b nc  |2 rdacarrier 
504 |a Bibliography: pages 387-406. 
650 0 |a Buraku people. 
700 1 |a Wagatsuma, Hiroshi,  |d 1927-1985. 
999 |a MARS 
999 f f |s 21aa78e0-d486-3936-9c04-29ef216a0c7d  |i 168fd6a1-d803-36b2-832e-1323404c0a05  |t 0 
952 f f |p ric  |a Texas A&M University  |b Rellis Campus  |c Joint Library Facility  |d Remote Storage  |t 0  |e HT725.J3 D4  |h Library of Congress classification  |i unmediated -- volume  |m A14800643350 
998 f f |a HT725.J3 D4  |t 0  |l Remote Storage